00596nam a2200169 a 450000100100000000500170001000800410002704000250006808200150009310000300010824500740013826000540021230000210026604900090028795201130029699900170040900001084220200929162313.0091012s19uu dr 001 0 spa d aDO-SdBNPbspacBNPHU axxxbT693c1 aTorres, Ramón E.92616513aLa crisis dominicana :bsus causas y solución /cRamón E. Torres. aSanto Domingo :bEditora El Estudiante,c[19--?]. a149 p. ;c23 cm. aBNPD 0010718PDaPDbPDcCTd2009-10-12iLF1l0oxxx T693cp10842-10r2020-06-25w2020-06-25yLFPDZNo se presta c10591d10591